[Event "AUTO-ADV-3409"]
[Site "http://www.queenalice.com/game.php?id=1358663"]
[Date "2015.5.10"]
[Round "1"]
[White "helderdinizcp"]
[Black "xmballd"]
[Result "0-1"]
[WhiteElo "1695"]
[BlackElo "1945"]

1. e4 e5 2. Nf3 d6 3. Bc4 Be7 4. d3 Nf6 5. Nc3 O-O 6. O-O Nc6 7. a3 Bg4 8. Be3
a6 9. h3 Be6 10. Bd5 Qd7 11. g4 Bxg4 12. hxg4 Qxg4+ 13. Kh1 Qh3+ 14. Nh2 h5 15.
Qf3 Qh4 0-1

[Event "Challenge"]
[Site "http://www.queenalice.com/game.php?id=1609182"]
[Date "2020.4.24"]
[Round "-"]
[White "ThiagoSousa"]
[Black "xmballd"]
[Result "0-1"]
[WhiteElo "1705"]
[BlackElo "1939"]

1. e4 c5 2. Nf3 e6 3. d3 d5 4. Nbd2 Nf6 5. b3 Be7 6. Bb2 O-O 7. Be2 Nc6 8. O-O
b6 9. c4 d4 10. Ng5 h6 11. Ngf3 e5 12. Nh4 Nxe4 13. Nxe4 Bxh4 14. Bg4 f5 15. g3
Be7 16. Bxf5 Bxf5 17. Qf3 Bh3 18. Qe2 Bxf1 19. Rxf1 a5 20. Nd2 a4 21. Qe4 Qc7
22. Nf3 axb3 23. axb3 Ra2 24. Bc1 Nb4 25. Nxe5 Bd6 26. Ng6 Rf6 27. Re1 Rfxf2 28.
Qe8+ Bf8 29. Ne7+ Qxe7 30. Rxe7 Nxd3 31. Re1 Rg2+ 32. Kh1 Rxh2+ 33. Kg1 Rag2+
34. Kf1 Nxe1 35. Qxe1 Rh1+ 36. Kxg2 Rxe1 37. Bf4 Rb1 38. Bc7 Rxb3 39. Kh3 d3 0-1

[Event "Let's Play Chess!"]
[Site "http://www.queenalice.com/game.php?id=1609901"]
[Date "2020.4.29"]
[Round "-"]
[White "xmballd"]
[Black "josebaron"]
[Result "0-1"]
[WhiteElo "1910"]
[BlackElo "2262"]

1. e4 e5 2. Nf3 Nc6 3. Bb5 d6 4. d4 exd4 5. Nxd4 Bd7 6. O-O Be7 7. Nc3 Nf6 8.
Re1 O-O 9. Nxc6 bxc6 10. Bd3 Be6 11. b3 Nd7 12. Bb2 Bf6 13. Qh5 Re8 14. Re3 Bd4
15. Rg3 Qf6 16. Rf3 Bxc3 17. Rxf6 Nxf6 0-1

[Event "Let's Play Chess!"]
[Site "http://www.queenalice.com/game.php?id=1609921"]
[Date "2020.4.29"]
[Round "-"]
[White "xmballd"]
[Black "Lintz"]
[Result "1-0"]
[WhiteElo "1989"]
[BlackElo "1713"]

1. e4 c5 2. Nf3 d6 3. d4 cxd4 4. Nxd4 Nf6 5. Nc3 a6 6. Be2 e5 7. Nf3 Nc6 8. O-O
b5 9. Bg5 Be7 10. Bxf6 Bxf6 11. Qd5 Bb7 12. Rad1 Be7 13. Qd3 Nb4 14. Qd2 O-O 15.
a3 Nc6 16. Nd5 Na7 17. c4 Bxd5 18. Qxd5 Qc7 19. Rc1 Qb6 20. cxb5 axb5 21. Rc3
Rfc8 22. Rfc1 Rab8 23. h3 Rxc3 24. Rxc3 g6 25. Ne1 Bh4 26. Nd3 Kg7 27. g3 Bxg3
28. Kg2 Bh4 29. Bd1 h6 30. Bb3 Rb7 31. Rc2 Rc7 32. Nb4 Rxc2 33. Qxf7+ 1-0

[Event "AUTO-ADV-4335"]
[Site "http://www.queenalice.com/game.php?id=1609975"]
[Date "2020.4.29"]
[Round "1"]
[White "johnboy"]
[Black "xmballd"]
[Result "1-0"]
[WhiteElo "1930"]
[BlackElo "1925"]

1. d4 d5 2. c4 dxc4 3. e4 e5 4. d5 Nf6 5. Nc3 Bd6 6. Bxc4 O-O 7. Nf3 c6 8. O-O
Bg4 9. h3 Bh5 10. Qd3 cxd5 11. Nxd5 Nc6 12. Bg5 Be7 13. Bxf6 Bxf6 14. Rad1 Bxf3
15. Qxf3 Nd4 16. Nxf6+ 1-0

[Event "AUTO-ADV-4335"]
[Site "http://www.queenalice.com/game.php?id=1609976"]
[Date "2020.4.29"]
[Round "1"]
[White "xmballd"]
[Black "johnboy"]
[Result "0-1"]
[WhiteElo "1909"]
[BlackElo "1946"]

1. d4 Nf6 2. c4 d6 3. Nc3 g6 4. e4 Bg7 5. Nf3 O-O 6. Be2 c5 7. O-O cxd4 8. Nxd4
Nbd7 9. b3 b6 10. Nc6 Qe8 11. Nd4 Bb7 12. f3 Rc8 13. Be3 e6 14. Qd2 Qe7 15. Rfd1
a6 16. Rac1 Nh5 0-1

[Event "AUTO-ADV-4335"]
[Site "http://www.queenalice.com/game.php?id=1609989"]
[Date "2020.4.29"]
[Round "1"]
[White "xmballd"]
[Black "roli68"]
[Result "1-0"]
[WhiteElo "1926"]
[BlackElo "1688"]

1. d4 d5 2. c4 dxc4 3. Nc3 Nc6 4. Nf3 a6 5. a4 Na5 6. e4 Nb3 7. Rb1 Na5 8. Ne5
Nh6 9. Bxh6 gxh6 10. Qh5 Be6 11. d5 Qd6 12. dxe6 Kd8 13. Nxf7+ Kc8 14. Nxd6+
cxd6 15. Qe8+ Kc7 16. Nd5# 1-0

[Event "AUTO-ADV-4335"]
[Site "http://www.queenalice.com/game.php?id=1609990"]
[Date "2020.4.29"]
[Round "1"]
[White "roli68"]
[Black "xmballd"]
[Result "1-0"]
[WhiteElo "1648"]
[BlackElo "1881"]

1. e4 c5 2. d4 cxd4 3. Qxd4 Nc6 4. Qe3 Nf6 5. h3 g6 6. g4 Bg7 7. e5 Qa5+ 8. Bd2
Qxe5 9. f4 Qxb2 10. Qc3 Qxc3 11. Bxc3 O-O 12. Na3 a6 13. Nc4 d5 14. Nb6 Rb8 15.
O-O-O d4 16. Bxd4 Nxd4 17. Rxd4 Nxg4 18. Rd2 Ne3 19. Be2 Bf5 20. Bd3 Be6 21. a3
Bd4 22. Na4 Rfc8 23. Nf3 Bg7 24. Re1 b5 25. Nb2 Bxb2+ 26. Kxb2 Nc4+ 27. Ka2
Nxd2+ 28. Ka1 1-0

[Event "AUTO-ADV-4335"]
[Site "http://www.queenalice.com/game.php?id=1609991"]
[Date "2020.4.29"]
[Round "1"]
[White "xmballd"]
[Black "eloy"]
[Result "1-0"]
[WhiteElo "1980"]
[BlackElo "1720"]

1. c4 e5 2. Nc3 Bc5 3. e3 Nf6 4. Nf3 h6 5. d4 exd4 6. exd4 Bb4 7. Be2 Ne4 8. Qc2
Nxc3 9. bxc3 Bd6 10. O-O c6 11. a4 a5 12. Re1 O-O 13. c5 Bc7 14. Bc4 d5 15. cxd6
Qxd6 16. Ne5 Kh8 17. Bf4 Be6 18. Ng6+ fxg6 19. Bxd6 Bxc4 20. Bxc7 Nd7 21. Re7
Nf6 22. Qxg6 Rg8 23. Be5 Raf8 24. Rb1 b5 25. Rxg7 Rxg7 26. Bxf6 Rxf6 27. Qxf6
Bd5 28. Qxh6+ Kg8 29. g3 Bc4 30. Re1 Bf7 31. Qxc6 1-0

[Event "AUTO-ADV-4335"]
[Site "http://www.queenalice.com/game.php?id=1609992"]
[Date "2020.4.29"]
[Round "1"]
[White "eloy"]
[Black "xmballd"]
[Result "0-1"]
[WhiteElo "1747"]
[BlackElo "1973"]

1. e4 c5 2. Bc4 e6 3. Nf3 Nc6 4. c3 Nf6 5. d3 d5 6. exd5 exd5 7. Bb5 Be7 8. h3
O-O 9. Bxc6 bxc6 10. d4 cxd4 11. Qxd4 c5 12. Qd2 Ne4 13. Qc2 Bf5 14. O-O Ng3 15.
Qb3 Nxf1 16. Kxf1 Bd3+ 17. Kg1 Re8 18. Be3 Rb8 19. Qd1 Be4 20. Nbd2 Bg6 21. Ne5
Bd6 22. Nxg6 hxg6 23. Nf3 Rxb2 24. Qxd5 Bh2+ 0-1

[Event "Let's Play Chess!"]
[Site "http://www.queenalice.com/game.php?id=1611020"]
[Date "2020.5.6"]
[Round "-"]
[White "xmballd"]
[Black "igorjava"]
[Result "1-0"]
[WhiteElo "1908"]
[BlackElo "1961"]

1. b3 d5 2. Bb2 d4 3. Nf3 c5 4. e3 Bg4 5. Bb5+ Nc6 6. h3 Bh5 7. g4 Bg6 8. Ne5
Qc7 9. f4 Be4 10. Rg1 Rd8 11. exd4 cxd4 12. Qe2 Bxc2 13. Qc4 Rc8 14. Qxf7+ Kd8
15. Qxf8# 1-0

[Event "Let's Play Chess!"]
[Site "http://www.queenalice.com/game.php?id=1611393"]
[Date "2020.5.9"]
[Round "-"]
[White "paolop69"]
[Black "xmballd"]
[Result "0-1"]
[WhiteElo "1702"]
[BlackElo "1959"]

1. e4 c6 2. Bc4 d5 3. exd5 cxd5 4. Bb5+ Bd7 5. Nc3 Nf6 6. f3 d4 7. Bxd7+ Qxd7 8.
Ne4 Nd5 9. Nc5 Qc7 10. Nd3 e5 11. Ne2 Bd6 12. c3 Nc6 13. Qb3 Nb6 14. Nb4 Nxb4
15. cxb4 O-O 16. d3 Rac8 17. O-O Qc2 18. Qxc2 Rxc2 19. Ng3 Bxb4 20. a3 Bd6 21.
Ne4 Bb8 22. b3 Rfc8 23. Bd2 f5 24. Ba5 fxe4 25. Bxb6 exf3 26. Rxf3 Rc1+ 27. Rxc1
Rxc1+ 28. Kf2 Rc2+ 29. Kf1 axb6 30. h4 Rc3 0-1

[Event "Let's Play Chess!"]
[Site "http://www.queenalice.com/game.php?id=1611512"]
[Date "2020.5.10"]
[Round "-"]
[White "charles31"]
[Black "xmballd"]
[Result "0-1"]
[WhiteElo "1709"]
[BlackElo "1932"]

1. d4 f5 2. Nc3 Nf6 3. Bg5 e6 4. a3 Be7 5. Nf3 O-O 6. e3 b6 7. Bc4 Bb7 8. Qe2
Ne4 9. Bxe7 Qxe7 10. h3 Nxc3 11. bxc3 c5 12. g4 fxg4 13. hxg4 Bxf3 14. Qd3 Bxh1
15. Kd2 Rxf2+ 16. Kc1 d5 17. Ba6 Be4 0-1

[Event "Let's Play Chess!"]
[Site "http://www.queenalice.com/game.php?id=1611513"]
[Date "2020.5.10"]
[Round "-"]
[White "xmballd"]
[Black "charles31"]
[Result "1-0"]
[WhiteElo "1969"]
[BlackElo "1665"]

1. f4 d5 2. Nf3 Nc6 3. e3 a6 4. Be2 h6 5. O-O Nf6 6. b3 Bf5 7. Bb2 e6 8. Ne5 Bc5
9. Nxc6 bxc6 10. Na3 Qd6 11. Qc1 d4 12. Nc4 Qd5 13. Bf3 Qd7 14. Ne5 Qd6 15.
Bxc6+ Ke7 16. Bxa8 Rxa8 17. a4 Nd7 18. Nxd7 Qxd7 19. Ba3 Bxa3 20. Qxa3+ Qd6 21.
Qxd6+ Kxd6 22. Rac1 f6 23. Rfe1 dxe3 24. dxe3 g5 25. e4 Bg6 26. e5+ fxe5 27.
fxe5+ Ke7 28. Red1 Rb8 29. Rd2 Rd8 30. Rxd8 Kxd8 31. c4 Kd7 32. b4 c6 33. b5
cxb5 34. cxb5 axb5 35. axb5 Be4 36. b6 h5 37. g3 Bd5 38. Kf2 g4 39. Ke3 Ke7 40.
Kf4 1-0

[Event "Let's Play Chess!1"]
[Site "http://www.queenalice.com/game.php?id=1611818"]
[Date "2020.5.12"]
[Round "-"]
[White "sasquatico"]
[Black "xmballd"]
[Result "0-1"]
[WhiteElo "1872"]
[BlackElo "1946"]

1. d4 e6 2. e4 d5 3. e5 c5 4. Bb5+ Nc6 5. Nf3 cxd4 6. Nxd4 Bd7 7. Nxc6 Bxc6 8.
Bxc6+ bxc6 9. a3 Qb8 10. Nc3 Qxe5+ 11. Qe2 Bd6 12. Qxe5 Bxe5 13. Bd2 Rb8 14. b3
d4 15. Ne4 d3 16. c3 Nf6 17. Nc5 O-O 18. Nxd3 Bd6 19. b4 e5 20. O-O Ne4 21. Rad1
Rbd8 22. c4 Bc7 23. Be3 Nc3 24. Rd2 Rd7 25. Rc1 Ne2+ 26. Rxe2 Rxd3 27. Ra1 Rfd8
28. g3 a5 29. b5 cxb5 30. cxb5 a4 31. b6 Bd6 32. Rb2 Kf8 33. b7 Ke7 34. Ba7 Bb8
35. Bxb8 Rxb8 36. Kf1 Rb3 37. Rxb3 axb3 38. Ke2 Rxb7 39. Rb1 b2 40. Kd2 Ra7 41.
Rxb2 Rxa3 42. Ke2 Kf6 43. Rb4 h5 44. Re4 g5 45. Re3 Rxe3+ 46. Kxe3 Kf5 47. h3 g4
48. hxg4+ hxg4 49. f3 gxf3 50. Kxf3 f6 51. g4+ Kg5 52. Kg3 e4 0-1

[Event "Challenge"]
[Site "http://www.queenalice.com/game.php?id=1612797"]
[Date "2020.5.18"]
[Round "-"]
[White "xmballd"]
[Black "ThiagoSousa"]
[Result "1-0"]
[WhiteElo "1986"]
[BlackElo "1655"]

1. d4 d6 2. e4 g6 3. f4 Bg7 4. Nc3 e6 5. Nf3 b6 6. Bd3 Bd7 7. O-O Ne7 8. e5 Bc6
9. Be3 Nd5 10. Nxd5 Bxd5 11. c4 Bb7 12. Rc1 Nd7 13. Qe2 O-O 14. Kh1 c5 15. exd6
cxd4 16. Nxd4 Nc5 17. Nb5 a6 18. Nc7 Qxd6 19. Nxa8 Nxd3 20. Rcd1 Rd8 21. Nxb6
Bd4 22. Qxd3 Qxb6 23. Bxd4 Qc6 24. Qe2 a5 25. Bf6 Rd6 26. Rxd6 Qxd6 27. Rd1 Qc7
28. Rd8+ Qxd8 29. Bxd8 1-0

[Event "Let's Play Chess!"]
[Site "http://www.queenalice.com/game.php?id=1612929"]
[Date "2020.5.20"]
[Round "-"]
[White "xmballd"]
[Black "igorjava"]
[Result "0-1"]
[WhiteElo "1940"]
[BlackElo "1976"]

1. d4 d5 2. c4 c6 3. Nc3 Nf6 4. Nf3 a6 5. a4 Nbd7 6. cxd5 cxd5 7. e3 Nb6 8. Bd3
Bg4 9. O-O e6 10. Bd2 Rc8 11. Rc1 Bd6 12. h3 Bh5 13. Be2 Nc4 14. b3 Nxd2 0-1

[Event "Let's Play Chess!"]
[Site "http://www.queenalice.com/game.php?id=1613745"]
[Date "2020.5.25"]
[Round "-"]
[White "xmballd"]
[Black "josebaron"]
[Result "0-1"]
[WhiteElo "1996"]
[BlackElo "2417"]

1. d4 d5 2. c4 dxc4 3. Nc3 a6 4. e3 Nf6 5. Bxc4 Nc6 6. Nf3 b5 7. Bd3 Nb4 8. Be2
Bf5 9. O-O e6 10. a3 Nbd5 11. Nxd5 exd5 12. Bd2 Bd6 13. Ba5 Kf8 14. Rc1 Qe7 15.
Bd3 Bxd3 16. Qxd3 g6 17. Rc6 Kg7 18. Rfc1 Ra7 19. Qc2 Rc8 20. Ne5 Nd7 21. Nxd7
Qxd7 22. Qb3 Rb8 23. g3 b4 24. Qxd5 bxa3 25. bxa3 Rb5 26. R1c5 Rb1+ 27. Kg2 Qe7
0-1

[Event "Let's Play Chess!"]
[Site "http://www.queenalice.com/game.php?id=1613859"]
[Date "2020.5.26"]
[Round "-"]
[White "xmballd"]
[Black "igorjava"]
[Result "0-1"]
[WhiteElo "1956"]
[BlackElo "1960"]

1. d4 e6 2. c4 c6 3. Nf3 d5 4. Nc3 a6 5. a4 Nf6 6. Bg5 Be7 7. e3 Nbd7 8. Bd3 O-O
9. O-O Ne8 10. Bxe7 Qxe7 11. a5 b5 0-1

[Event "Let's Play Chess!"]
[Site "http://www.queenalice.com/game.php?id=1613860"]
[Date "2020.5.26"]
[Round "-"]
[White "igorjava"]
[Black "xmballd"]
[Result "1-0"]
[WhiteElo "1943"]
[BlackElo "1973"]

1. e4 c5 2. Nf3 e6 3. c3 d5 4. e5 Nc6 5. d4 Qb6 6. Be2 cxd4 7. cxd4 Nge7 8. Nc3
Nf5 9. Bb5 Bd7 10. Bxc6 Bxc6 11. a3 Be7 12. b4 1-0